000 00829nam a22002177a 4500
999 _c192253
_d192253
005 20220919122949.0
010 _aB-745528
020 _a9789352807307
_c350.00
035 _aB-745528
037 _bSage Publication India Pvt Ltd
245 _aTeacher Education in the 21st Century/
_cedited by Rashmi Kumar, Subhash Chander and Bharti
246 _aSubhash Chander
_bBharti
260 _aNew Delhi
_bSage Publications India Pvt Ltd
_c2018
270 _aB1/I-1 Mohan Cooperative Industrial Area Mathura Road,
_bNew Delhi
_e110044
_mwww.sagepub.in
300 _a229p
_c24cm.(pbk)
505 _a
700 _aChander, Subhash
700 _aBharti
942 _2ddc
_cEN
_mTEA
_h370.71